000 00611nam a2200169 4500
001 131235
003 ES-MaACL
005 20230906193937.0
007 t|
008 070214s1960 sp r ||||1| spa d
100 1 _aRobinson, Gilbert Wooding.
_997888
245 1 4 _aLos suelos
_b: su origen, constitución y clasificación : introducción a la Edafología /
_cGilbert Wooding Robinson ; traducción... por el Dr. José Luis Amorós.
260 _aBarcelona :
_bOmega,
_c1960.
300 _a515 p., 9 lám. :
_bil. ;
_c22 cm.
700 1 _aAmorós, José Luis.
_921315
852 _aES-MaACL
_jC-18869
_bR.47079
999 _c131235
_d131235